Aéronefs militaires de la guerre froide - Quiz par images #1 - Statistiques

Statistiques générales
  • Ce quiz a été pris 219 fois
  • Le résultat moyen est 6 sur 15
Statistiques - réponses
Par images Réponse % Correct
Grumman F-14 Tomcat
82%
Rockwell B-1 Lancer
68%
Sukhoi Su-27
62%
North American F-86 Sabre
58%
Dassault Étendard IV
51%
Bell UH-1 Iroquois
46%
Mil Mi-24
46%
General Dynamics F-111 Aardvark
43%
Lockheed C-5 Galaxy
42%
Panavia Tornado
39%
Saab 35 Draken
30%
Convair B-36 Peacemaker
25%
English Electric Canberra
18%
Antonov An-22
17%
Handley Page Victor
15%
Aucun quiz correspondant
Distribution des résultats
% des personnes avec chaque résultat
Percentile par nombre de réponses
Votre historique - résultats
Vous n’avez pas pris ce quiz